Aplikácia teórie hier v rozhodovaní
Analýza možných aplikácií teórie hier v procese rozhodovania manažérov v praxi rôznych podnikov. Na ich rozhodnutia majú vplyv aj iné subjekty, mimo prostredia podniku, ktorými sú hlavne zákazníci, dodávatelia a konkurenti. Tieto subjekty však majú iné, spravidla protichodné záujmy, ktoré musia brať...
Enregistré dans:
| Auteur principal: | |
|---|---|
| Format: | Chapitre de livre |
| Langue: | slovaque |
| Sujets: | |
| Tags: |
Pas de tags, Soyez le premier à ajouter un tag!
|
MARC
| LEADER | 00000nla a2200000 4500 | ||
|---|---|---|---|
| 001 | 0241031 | ||
| 005 | 20240417075132.9 | ||
| 041 | 0 | |a slo | |
| 044 | |a SK | ||
| 245 | 1 | 0 | |a Aplikácia teórie hier v rozhodovaní |c Lenka Veselovská |
| 520 | |a Analýza možných aplikácií teórie hier v procese rozhodovania manažérov v praxi rôznych podnikov. Na ich rozhodnutia majú vplyv aj iné subjekty, mimo prostredia podniku, ktorými sú hlavne zákazníci, dodávatelia a konkurenti. Tieto subjekty však majú iné, spravidla protichodné záujmy, ktoré musia brať manažéri do úvahy pri výbere stratégie. Na úspešnosť vybraného rozhodnutia majú vplyv aj metódy, ktoré boli aplikované na jeho identifikáciu. Charakteristika možnosti aplikácie teórie hier v rozhodovaní a uviesť praktické príklady výberu konkrétneho rozhodnutia sledujúc stanovený cieľ v podmienkach stanovených rozhodovacími parametrami. | ||
| 610 | 2 | 0 | |a teória hier |
| 610 | 2 | 0 | |a podnik |
| 610 | 2 | 0 | |a rozhodovanie manažérske |
| 610 | 2 | 0 | |a rozhodovanie strategické |
| 610 | 2 | 0 | |a modely ekonometrické |
| 100 | 1 | |a Veselovská, Lenka | |